[Event "Corus"]
[Site "Wijk aan Zee"]
[Date "2002.01.20"]
[Round "7"]
[White "Bareev, Evgeny"]
[Black "Morozevich, Alexander"]
[Result "1/2-1/2"]
[WhiteElo "2707"]
[BlackElo "2742"]
[Annotator "Huebner,R"]
[PlyCount "82"]
[EventDate "2002.01.12"]
[EventType "tourn"]
[EventRounds "13"]
[EventCountry "NED"]
[EventCategory "18"]
[SourceTitle "CBM 087"]
[Source "ChessBase"]
[SourceDate "2002.03.21"]
[SourceVersion "1"]
[SourceVersionDate "2002.03.21"]
[SourceQuality "1"]

1. d4 d5 2. c4 c6 3. Nf3 Nf6 4. Nc3 dxc4 5. a4 Bf5 6. Ne5 Nbd7 7. Nxc4 Qc7 8.
g3 e5 9. dxe5 Nxe5 10. Bf4 Nfd7 11. Bg2 g5 12. Ne3 (12. Nxe5 gxf4 {1/2-1/2
Birjukov,S-Haimi,A/Lahti 1997/EXT 99 (12)}) ({Nach} 12. Bxe5 Nxe5 13. Qd4 f6 (
13... Nxc4 14. Qxh8 O-O-O {wurde laut Schachwoche 4/2000, S.12, von G.Kasparov
befürchtet, doch sehe ich nach} 15. Qf6 {keine ansprechende Fortsetzung für
Schwarz.}) 14. O-O Be7 {dürfte Weiß kaum Vorteil haben. Der Textzug gefällt
mir weit besser, weil Weiß den wichtigen weißfeldrigen Läufer des Gegners
eliminiert.}) 12... gxf4 13. Nxf5 O-O-O 14. Qc2 Nc5 (14... Ng4 15. a5 fxg3 (
15... a6 16. Ra4 h5 17. Rxf4 Qxa5 18. O-O {mit Vorteil für Weiß.}) (15... Bc5
16. O-O (16. Ne4 Bb4+ {ist weniger überzeugend.}) 16... fxg3 17. hxg3 a6 (17...
Bxf2+ 18. Rxf2 Nxf2 19. Kxf2 {ist nicht genügend für Schwarz; der Springer auf
f5 steht zu stark.}) 18. Ne4 Bf8 19. Rfd1 {mit Vorteil für Weiß.}) 16. hxg3 a6
17. Ra4 Ndf6 18. Ne4 Nxe4 ({Bessere Möglichkeiten, die Nachteile der
Bauernstruktur durch dynamisches Figurenspiel auszugleichen, bot meines
Erachtens die Fortsetzung} 18... Nd5 19. Bh3 Ne5 20. Nc5 Kb8) 19. Bxe4 h5 20.
Kf1 Kb8 21. Kg2 Be7 22. Nxe7 Qxe7 23. Bf3 Ne5 ({Die Fortsetzungen} 23... Qg5
24. Rb4 {oder}) (23... Qe6 24. Qc3 ({Ungenügend ist die Fortsetzung} 24. Rxh5
Rxh5 25. Bxg4 Qd5+ 26. Bf3 Qf5) 24... f6 25. Rd4 {bewahren den Schwarzen auf
die Dauer auch nicht vor Bauernverlust. Seine Stellung ist strategisch
verloren.}) 24. Bxh5 $18 {1-0 Kasparov,G-Morozevich,A/Wijk aan Zee 2000/CBM 75/
[Huebner,R] (45). (45)}) (14... Bb4 {gefällt mir besser. Auf} 15. gxf4 {folgt}
Nc4 16. Qb3 (16. e3 Nc5 {überläßt dem Schwarzen eine beachtliche Initiative.})
16... Bxc3+ 17. Qxc3 Qxf4 {mit genügendem Gegenspiel für Schwarz.}) 15. O-O ({
Auf} 15. gxf4 {folgt} Nc4 {mit starkem Gegenspiel.}) (15. b4 f3 {ist ebenfalls
nicht besonders attraktiv für Weiß.}) 15... Ne6 16. Rad1 Bc5 (16... Bb4 {
ist weniger genau:} 17. Na2 {, und auf} Bc5 {folgt} 18. b4) 17. Ne4 Bb4 18. e3
{Dies ist ein neuer Zug. Kramnik erreichte mit der Fortsetzung 18.Dc1 nichts:}
(18. Qc1 fxg3 19. hxg3 Rxd1 20. Rxd1 Rd8 21. Bh3 Kb8 22. Kg2 a5 23. b3 {
1/2-1/2 Kramnik,V-Morozevich,A/Astana 2001/CBM 84/[Huebner,R] (23).}) 18...
fxe3 19. fxe3 Kb8 {Jetzt ist der Springer auf e5 nicht aus seiner starken
Zentralstellung zu vertreiben, und für die Schwächung der Felder auf der
f-Linie und seiner Bauernstruktur am Königsflügel hat Schwarz genügend
Kompensation durch Spiel gegen den geschwächten Damenflügel des Weißen. Die
Stellung dürfte ungefähr ausgeglichen sein.} 20. Nf6 a5 21. g4 Be7 22. Nxe7
Qxe7 23. Qc3 Qc5 (23... Nc5 {kommt in Betracht; dies führt zu komplizierterem
Spiel als der Textzug:} 24. Rxd8+ (24. Qxa5 Rxd1 25. Rxd1 Ned3 26. Ne4 Rg8 27.
h3 f5 {sieht nicht ungefährlich für Weiß aus.}) (24. Rd4 Ned3 25. Rf3 (25. Ne4
Rhg8 26. Rxd8+ Rxd8 27. Qxa5 Rd5 {ist gefährlich für Weiß.}) 25... Nb4 $11)
24... Rxd8 25. Qxa5 Nc4 {mit gutem Spiel für Schwarz.}) 24. Rc1 Qxc3 25. Rxc3
Nf8 (25... h6 {ist nicht besser; nach} 26. Rf5 {muß der Springer von e5
weichen.}) 26. Rc5 Nfg6 27. Be4 (27. Rxa5 b6 {ist unattraktiv für Weiß.}) 27...
Rd2 28. Rf2 (28. Bxg6 hxg6 (28... Nxg6 29. Rxa5 Rhd8 (29... Rxb2 30. Nd7+ Kc7
31. Rxf7 {erlaubt dem Weißen Gewinnversuche.}) 30. b4 Rb2 31. Rh5 {ist weniger
klar.}) 29. Rxe5 Rhxh2 30. Nd7+ Kc7 31. Rxf7 Rdg2+ 32. Kf1 Rxb2 {führt zum
Remis.}) 28... Rhd8 29. Bxg6 Nxg6 30. Rxa5 Rd1+ 31. Kg2 Re1 32. Rh5 ({Nach} 32.
e4 {kommt Schwarz mit} b5 {zum Angriff:} 33. axb5 (33. h3 Rd3 34. Nxh7 $2 (34.
axb5 $11) 34... Nh4+ 35. Kh2 Ree3 36. Ng5 f6 {, und Schwarz gewinnt.}) 33...
Rd3 34. h3 Nh4+ 35. Kh2 Ree3 {usw.}) 32... Rxe3 33. Rxh7 Rd4 {Die kräftige
Zentralisierung seiner Türme und der Besitz des Feldes f4 geben dem Schwarzen
genügendes Gegenspiel.} 34. h3 Ka7 35. Kh2 Ne5 36. Nh5 (36. a5 $5 $11) 36... f5
$1 37. gxf5 Rh4 38. Kg2 Rexh3 39. Nf4 Rh2+ 40. Kg3 Rxf2 41. Rxh4 Rxb2 1/2-1/2

[Event "Bundesliga 0102"]
[Site "Germany"]
[Date "2002.04.27"]
[Round "14.1"]
[White "Beliavsky, Alexander G"]
[Black "Babula, Vlastimil"]
[Result "1/2-1/2"]
[WhiteElo "2659"]
[BlackElo "2566"]
[Annotator "Huebner,R"]
[PlyCount "83"]
[EventDate "2001.10.06"]
[EventType "team-tourn"]
[EventRounds "15"]
[EventCountry "GER"]
[SourceTitle "CBM 089"]
[Source "ChessBase"]
[SourceDate "2002.08.12"]
[SourceVersion "1"]
[SourceVersionDate "2002.08.12"]
[SourceQuality "1"]
[WhiteTeam "Koenig Plauen"]
[BlackTeam "Werder Bremen"]
[WhiteTeamCountry "GER"]
[BlackTeamCountry "GER"]

1. d4 d5 2. c4 c6 3. Nf3 Nf6 4. Nc3 dxc4 5. a4 Bf5 6. Ne5 Nbd7 7. Nxc4 Nb6 8.
Ne5 e6 9. f3 Nfd7 10. a5 Nxe5 11. axb6 Nd7 12. e4 Bg6 13. Rxa7 (13. bxa7 Qb6
14. Be2 Rxa7 15. Rxa7 Qxa7 16. Be3 e5 17. O-O exd4 18. Bxd4 Qxd4+ 19. Qxd4 Bc5
20. Qxc5 Nxc5 21. b4 Nd7 22. f4 f6 23. Ra1 Ke7 24. Kf2 $14 {1/2-1/2 Piket,
J-Kobalija,M/Elista 1998/CBM 66 ext (38). (37)}) 13... Nxb6 14. Rxa8 (14. Rxb7
Ra1 15. Kf2 Bd6 16. Qb3 Rxc1 17. Qxb6 O-O 18. e5 Qxb6 19. Rxb6 Rb8 20. Rxb8+
Bxb8 $11 {0-1 Lutz,C-Meduna,E/Porz 1988/CBM 10 (43). (43)}) 14... Qxa8 15. Be2
Bb4 16. O-O O-O 17. Be3 Qa5 18. Qb3 (18. Qa1 f5 19. Qxa5 Bxa5 $11 {0-1
Drbohlav,F-Meduna,E/CZE 2001/EXT 2002 (63). (63)}) 18... Ra8 19. Rd1 f6 20. Na2
{Etwas mehr scheint mir die Fortsetzung} (20. Qxe6+ Bf7 21. Qg4 Bxc3 22. bxc3
Qxc3 23. Kf2 $14 (23. Bh6 Bg6 $11 {zu versprechen.})) 20... Bf8 21. Nc1 Bf7 $11
22. d5 Bc5 $1 23. dxe6 Bxe3+ 24. Kf1 Qc5 $1 25. exf7+ Kf8 26. Nd3 Qc4 27. Qxc4
Nxc4 28. Nf2 (28. Ke1 Kxf7 29. b3 {führt zu gleichem Spiel. Auch der Textzug
ist gut genug.}) 28... Nxb2 29. Rd7 Ra1+ 30. Nd1 b5 31. g3 c5 32. f4 c4 ({Nach
} 32... Bd4 33. Ke1 {kommt Schwarz auch nicht weiter.}) 33. e5 fxe5 34. fxe5
Nxd1 {Schwarz muß Remis forcieren, ehe Weiß zu e5-e6 kommt.} 35. Bxd1 Ra7 36.
Rxa7 Bxa7 37. e6 Ke7 38. Bf3 Bc5 39. Bc6 c3 40. Ke2 Kxe6 41. Bxb5 Kxf7 42. Bd3
1/2-1/2

[Event "FIDE-Wch k.o."]
[Site "Moscow"]
[Date "2001.12.02"]
[Round "3.5"]
[White "Shirov, Alexei"]
[Black "Motylev, Alexander"]
[Result "1-0"]
[WhiteElo "2706"]
[BlackElo "2641"]
[Annotator "Huebner,R"]
[PlyCount "53"]
[EventDate "2001.11.27"]
[EventType "k.o."]
[EventRounds "7"]
[EventCountry "RUS"]
[SourceTitle "CBM 086"]
[Source "ChessBase"]
[SourceDate "2002.02.05"]
[SourceVersion "1"]
[SourceVersionDate "2002.02.05"]
[SourceQuality "1"]

1. d4 d5 2. c4 c6 3. Nf3 Nf6 4. Nc3 dxc4 5. a4 Bf5 6. Ne5 e6 7. f3 Bb4 8. e4
Bxe4 9. fxe4 Nxe4 10. Bd2 Qxd4 11. Nxe4 Qxe4+ 12. Qe2 Bxd2+ 13. Kxd2 Qd5+ 14.
Kc2 O-O $6 {Dieser Zug wird zu Recht so gut wie nie gespielt; nach der
Entgegnung, die Weiß in der Partie wählt, hat Schwarz sofort große Sorgen.
Richtig ist} (14... Na6) 15. Qe3 Na6 $2 ({Bessere Aussichten auf Widerstand
bietet die Fortsetzung} 15... Nd7 16. Nxc4 Nb6) 16. Bxc4 Qc5 {Das Endspiel,
das nun entsteht, ist für Schwarz äußerst ungünstig, aber die Folge} (16...
Qxg2+ 17. Kc3 Nb4 18. Rhg1 Qxh2 19. Kxb4 Qxb2+ 20. Bb3 {ist ganz hoffnungslos
für ihn.}) 17. Qxc5 Nxc5 18. b4 Ne4 19. Rhe1 Nd6 20. a5 a6 21. Bb3 Rfd8 22.
Rad1 Kf8 23. Nd3 (23. Rf1 {führt ebenfalls zum Sieg:} Ke8 (23... Nf5 {
scheitert an} 24. Rxd8+ Rxd8 25. Nxf7) 24. Rxd6 Rxd6 25. Rxf7 Rad8 26. Rxg7 {
usw.}) 23... b6 $2 {Verzweifelung.} 24. axb6 Rab8 25. Nc5 Rxb6 26. Bxe6 (26.
Rxe6 {ist auch nicht schlecht.}) 26... Rxb4 27. Nd7+ 1-0

[Event "Ciocaltea Memorial"]
[Site "Bucharest"]
[Date "2003.03.13"]
[Round "10"]
[White "Grigore, George Gabriel"]
[Black "Ionescu, Mihai"]
[Result "1-0"]
[WhiteElo "2482"]
[BlackElo "2414"]
[Annotator "Huebner,R"]
[PlyCount "55"]
[EventDate "2003.03.04"]
[EventType "tourn"]
[EventRounds "13"]
[EventCountry "ROU"]
[EventCategory "9"]
[SourceTitle "CBM 094"]
[Source "ChessBase"]
[SourceDate "2003.05.26"]
[SourceVersion "1"]
[SourceVersionDate "2003.05.26"]
[SourceQuality "1"]

1. d4 d5 2. c4 c6 3. Nf3 Nf6 4. Nc3 dxc4 5. a4 Bf5 6. Ne5 Nbd7 7. Nxc4 Qc7 8.
g3 e5 9. dxe5 Nxe5 10. Bf4 Nfd7 11. Nxe5 Nxe5 12. Qd4 f6 13. a5 a6 14. Bg2 Rd8
(14... Be7 15. Ne4 Rd8 16. Qc3 O-O 17. O-O Rfe8 18. Nc5 Bf8 19. Rfd1 $14 {
1/2-1/2 Ward,C-Crouch,C/BCF-ch 1997 (58). Der Textzug ist offensichtlich viel
genauer als 14...Le7. Der Königsläufer des Schwarzen findet auf der Diagonale
a7-f2 Platz; die Dame des Weißen erhält nicht das schöne Feld c3 und muß sich
herumscheuchen lassen. Schwarz erobert die schwazen Felder am Damenflügel und
erhält Aussichten, die Bauernschwächen des Weißen auszunutzen.}) 15. Qa4 Bc5
16. O-O Ke7 $2 {Die Zentralisierung des Königs im Mittelspiel ist nicht recht
verständlich.} (16... Rd4 17. Qa2 Qe7 18. Be3 (18. Rac1 Rb4 19. b3 Be6 20. Ne4
Ba7 (20... Bxb3 21. Qd2 {führt zu Verdrießlichkeiten:} Nc4 (21... Rb5 22. Nxc5
Rxc5 23. Rxc5 Qxc5 24. Rb1 {mit großem Vorteil für Weiß;}) 22. Qc3 {und die
Figuren des Schwarzen sind häßlich verknubbelt.}) 21. Qd2 O-O 22. Bxe5 fxe5 $17
{1/2-1/2 Iskusnyh,S-Morozevich,A/St Petersburg 1998/CBM 67/[Huebner,R] (62). 
(62)}) 18... Be6 19. Qb1 Rd7 {ist die Stellung des Nachziehenden befriedigend.}
) (16... O-O 17. Ne4 Ba7 {ist ebenfalls durchaus spielbar.}) 17. Rac1 Rd4 $2 {
Dies kommt um einen Zug zu spät. Nach} (17... Be6 18. b4 Bd4 19. b5 Kf7 {
kann sich Schwarz noch wehren.}) 18. Qxd4 Bxd4 19. Nd5+ Kd7 20. Nxc7 Kxc7 21.
b4 g5 22. Bd2 Bb2 23. Rce1 Nc4 24. Bc1 Bc3 25. Bxg5 fxg5 26. Rc1 Bxb4 27. Rxc4
c5 28. Rfc1 1-0

[Event "RUS-ch"]
[Site "Krasnodar"]
[Date "2002.08.29"]
[Round "3"]
[White "Popov, Valerij"]
[Black "Hasangatin, Ramil"]
[Result "1/2-1/2"]
[WhiteElo "2579"]
[BlackElo "2517"]
[Annotator "Huebner,R"]
[PlyCount "51"]
[EventDate "2002.08.27"]
[EventType "swiss"]
[EventRounds "9"]
[EventCountry "RUS"]
[SourceTitle "CBM 091"]
[Source "ChessBase"]
[SourceDate "2002.11.12"]
[SourceVersion "1"]
[SourceVersionDate "2002.11.12"]
[SourceQuality "1"]

1. d4 d5 2. c4 c6 3. Nf3 Nf6 4. Nc3 dxc4 5. a4 Bf5 6. Ne5 Nbd7 7. Nxc4 Nb6 8.
Ne5 a5 9. f3 Nfd7 10. Nxd7 Nxd7 11. e4 Bg6 12. Be3 Qb6 13. Qd2 e6 (13... e5 $5
14. dxe5 Bc5 15. Bxc5 Nxc5 16. Rd1 (16. Bc4 $6 Rd8 17. Qf2 Qb4 18. Qe2 Rd4 19.
Ba2 Bxe4 20. O-O (20. Bxf7+ Kxf7 21. fxe4 Nd3+ 22. Kf1 Rf8) 20... Bd3 $19 {
Knechtel,R-Stumpf,H/ Bayern 1997/ 0-1 (50)}) 16... O-O 17. Qd6 {[%cal Gc3d5]
mit der Absicht Sc3-d5 führt zu unklarem Spiel.}) 14. Rd1 Rd8 15. Be2 Qb4 16.
O-O Be7 17. f4 f6 18. Qc2 O-O 19. Na2 Qb6 20. Bc4 Bf7 21. Rd3 Kh8 22. Kh1 Qc7
23. Nc3 f5 24. e5 Nb6 25. Bb3 Qd7 26. Nd1 1/2-1/2

[Event "Sarajevo Bosnia 33rd"]
[Site "Sarajevo"]
[Date "2003.05.21"]
[Round "4"]
[White "Shirov, Alexei"]
[Black "Bareev, Evgeny"]
[Result "1/2-1/2"]
[WhiteElo "2735"]
[BlackElo "2734"]
[Annotator "Huebner,R"]
[PlyCount "67"]
[EventDate "2003.05.18"]
[EventType "tourn"]
[EventRounds "9"]
[EventCountry "BIH"]
[EventCategory "16"]
[SourceTitle "CBM 096"]
[Source "ChessBase"]
[SourceDate "2003.09.25"]
[SourceVersion "1"]
[SourceVersionDate "2003.09.25"]
[SourceQuality "1"]

1. d4 d5 2. c4 c6 3. Nc3 Nf6 4. Nf3 dxc4 5. a4 Bf5 6. Ne5 Nbd7 7. Nxc4 Qc7 8.
g3 e5 9. dxe5 Nxe5 10. Bf4 Nfd7 11. Bg2 g5 12. Ne3 (12. Nxe5 gxf4 {1/2-1/2
Birjukov,S-Haimi,A/Lahti 1997/EXT 99 (12)}) ({Nach} 12. Bxe5 Nxe5 13. Qd4 f6 (
13... Nxc4 14. Qxh8 O-O-O {wurde laut Schachwoche 4/2000, S.12, von G.Kasparov
befürchtet, doch sehe ich nach} 15. Qf6 {keine ansprechende Fortsetzung für
Schwarz.}) 14. O-O Be7 {dürfte Weiß kaum Vorteil haben. Der Textzug gefällt
mir weit besser, weil Weiß den wichtigen weißfeldrigen Läufer des Gegners
eliminiert.}) 12... gxf4 13. Nxf5 O-O-O 14. O-O (14. Qc2 Ng4 (14... Bb4 {
gefällt mir besser. Auf} 15. gxf4 {folgt} Nc4 16. Qb3 (16. e3 Nc5 {überläßt
dem Schwarzen eine beachtliche Initiative.}) 16... Bxc3+ 17. Qxc3 Qxf4 {
mit genügendem Gegenspiel für Schwarz.}) (14... Nc5 {Auf} 15. gxf4 {folgt} (15.
b4 f3 {ist ebenfalls nicht besonders attraktiv für Weiß.}) 15... Nc4 {mit
starkem Gegenspiel.}) 15. a5 fxg3 (15... a6 16. Ra4 h5 17. Rxf4 Qxa5 18. O-O {
mit Vorteil für Weiß.}) (15... Bc5 16. O-O (16. Ne4 Bb4+ {ist weniger
überzeugend.}) 16... fxg3 17. hxg3 a6 (17... Bxf2+ 18. Rxf2 Nxf2 19. Kxf2 {
ist nicht genügend für Schwarz; der Springer auf f5 steht zu stark.}) 18. Ne4
Bf8 19. Rfd1 {mit Vorteil für Weiß.}) 16. hxg3 a6 17. Ra4 Ndf6 18. Ne4 Nxe4 ({
Bessere Möglichkeiten, die Nachteile der Bauernstruktur durch dynamisches
Figurenspiel auszugleichen, bot meines Erachtens die Fortsetzung} 18... Nd5 19.
Bh3 Ne5 20. Nc5 Kb8) 19. Bxe4 h5 20. Kf1 Kb8 21. Kg2 Be7 22. Nxe7 Qxe7 23. Bf3
Ne5 ({Die Fortsetzungen} 23... Qg5 24. Rb4 {oder}) (23... Qe6 24. Qc3 ({
Ungenügend ist die Fortsetzung} 24. Rxh5 Rxh5 25. Bxg4 Qd5+ 26. Bf3 Qf5) 24...
f6 25. Rd4 {bewahren den Schwarzen auf die Dauer auch nicht vor Bauernverlust.
Seine Stellung ist strategisch verloren.}) 24. Bxh5 $18 {1-0 Kasparov,
G-Morozevich,A/Wijk aan Zee 2000/CBM 75/[Huebner,R] (45). (45)}) 14... Nc5 15.
Qc2 Ne6 16. Rad1 Bc5 (16... Bb4 {ist weniger genau:} 17. Na2 {, und auf} Bc5 {
folgt} 18. b4) 17. Ne4 Bb4 18. Rxd8+ {Dies ist eine neue Fortsetzung. Es
scheint, daß Weiß auch mit diesem Zug keinen nennenswerten Vorteil erzielen
kann. Die Schwächen des Schwarzen am Königsflügel werden durch die Schwächen
des Weißen am Damenflügel aufgehoben. Es folgt einiges Material über die
bisherigen Erfahrungen mit dieser Stellung:} (18. e3 fxe3 19. fxe3 Kb8 20. Nf6
a5 21. g4 Be7 22. Nxe7 Qxe7 23. Qc3 Qc5 (23... Nc5 {kommt in Betracht; dies
führt zu komplizierterem Spiel als der Textzug:} 24. Rxd8+ (24. Qxa5 Rxd1 25.
Rxd1 Ned3 26. Ne4 Rg8 27. h3 f5 {sieht nicht ungefährlich für Weiß aus.}) (24.
Rd4 Ned3 25. Rf3 (25. Ne4 Rhg8 26. Rxd8+ Rxd8 27. Qxa5 Rd5 {ist gefährlich für
Weiß.}) 25... Nb4 $11) 24... Rxd8 25. Qxa5 Nc4 {mit gutem Spiel für Schwarz.})
24. Rc1 Qxc3 25. Rxc3 Nf8 (25... h6 {ist nicht besser; nach} 26. Rf5 {muß der
Springer von e5 weichen.}) 26. Rc5 Nfg6 27. Be4 (27. Rxa5 b6 {ist unattraktiv
für Weiß.}) 27... Rd2 28. Rf2 (28. Bxg6 hxg6 (28... Nxg6 29. Rxa5 Rhd8 (29...
Rxb2 30. Nd7+ Kc7 31. Rxf7 {erlaubt dem Weißen Gewinnversuche.}) 30. b4 Rb2 31.
Rh5 {ist weniger klar.}) 29. Rxe5 Rhxh2 30. Nd7+ Kc7 31. Rxf7 Rdg2+ 32. Kf1
Rxb2 {führt zum Remis.}) 28... Rhd8 29. Bxg6 Nxg6 30. Rxa5 Rd1+ 31. Kg2 Re1 32.
Rh5 ({Nach} 32. e4 {kommt Schwarz mit} b5 {zum Angriff:} 33. axb5 (33. h3 Rd3
34. Nxh7 $2 (34. axb5 $11) 34... Nh4+ 35. Kh2 Ree3 36. Ng5 f6 {, und Schwarz
gewinnt.}) 33... Rd3 34. h3 Nh4+ 35. Kh2 Ree3 {usw.}) 32... Rxe3 33. Rxh7 Rd4
34. h3 Ka7 35. Kh2 Ne5 36. Nh5 (36. a5 $5 $11) 36... f5 37. gxf5 Rh4 38. Kg2
Rexh3 39. Nf4 Rh2+ 40. Kg3 Rxf2 41. Rxh4 Rxb2 {1/2-1/2 Bareev,E-Morozevich,A/
Wijk aan Zee 2002/CBM 87/[Huebner,R] (41).}) (18. Qc1 fxg3 19. hxg3 Rxd1 20.
Rxd1 Rd8 21. Bh3 Kb8 22. Kg2 a5 23. b3 {1/2-1/2 Kramnik,V-Morozevich,A/Astana
2001/CBM 84/[Huebner,R] (23).}) 18... Rxd8 19. Rd1 a5 20. b3 Rxd1+ 21. Qxd1 Qd8
22. Qa1 f6 23. Qc1 fxg3 24. hxg3 Ng5 25. f4 Nxe4 26. Bxe4 Nd7 27. Bc2 Qe8 28.
Qd1 Kc7 29. Kg2 Qe6 30. e3 Nc5 31. g4 Bc3 32. Kf3 Bb4 33. Ng3 Qf7 34. Nf5
1/2-1/2

[Event "Linares 20th"]
[Site "Linares"]
[Date "2003.02.28"]
[Round "6"]
[White "Vallejo Pons, Francisco"]
[Black "Kasparov, Garry"]
[Result "1/2-1/2"]
[WhiteElo "2629"]
[BlackElo "2847"]
[Annotator "Huebner,R"]
[PlyCount "82"]
[EventDate "2003.02.22"]
[EventType "tourn"]
[EventRounds "14"]
[EventCountry "ESP"]
[EventCategory "20"]
[SourceTitle "CBM 094"]
[Source "ChessBase"]
[SourceDate "2003.05.26"]
[SourceVersion "1"]
[SourceVersionDate "2003.05.26"]
[SourceQuality "1"]

1. Nf3 d5 2. d4 Nf6 3. c4 c6 4. Nc3 dxc4 5. a4 Bf5 6. Ne5 Nbd7 7. Nxc4 Nb6 8.
Ne5 a5 9. f3 Nfd7 10. e4 Nxe5 (10... Bg6 11. Qb3 (11. Nxg6 hxg6 12. Bf4 {
sieht plausibler aus. Auf} e5 13. dxe5 Bc5 {folgt} 14. e6) 11... Nxe5 12. dxe5
e6 13. Be3 Bb4 14. Rd1 Nd7 15. Be2 Qe7 16. O-O O-O ({Ich sehe nicht, was gegen
} 16... Nxe5 {spricht.}) 17. Kh1 Bh5 (17... Nxe5 {ist noch stets spielbar,
wenn Weiß auch nach} 18. Na2 {keinen großen Nachteil hat.}) 18. Bg5 (18. f4 {
ist nicht besser:} Bxc3 (18... Bxe2 19. Nxe2 Rfd8 {ist ebenfalls befriedigend.}
) 19. Bxh5 Bb4 {usw.}) 18... Qxg5 19. Rxd7 Rad8 20. f4 Qh4 21. g3 ({Richtig ist
} 21. Rxb7 Rd2 22. Bxh5 Qxh5 23. Nb1) 21... Qh3 22. Rxd8 Rxd8 23. Rd1 (23. Rf2
{. Nach} Bxe2 24. Nxe2 Bc5 25. Ng1 (25. Rg2 Rd2 {, und Schwarz gewinnt.}) 25...
Qh5 26. Rf1 Bxg1 27. Kxg1 Qe2 28. Qxb7 h6 29. Qb6 Rd2 30. Qf2 Qd3 {dürfte Weiß
allerdings nicht überleben können.}) 23... Rd2 {0-1 Janssen,R-Sokolov,I/
Leeuwarden 2002/CBM 90/[Huebner,R] (23).}) 11. dxe5 (11. exf5 {bietet
Aussichten auf einen leichten Vorteil:} Nec4 (11... Ned7 12. d5) 12. Qb3 Nd6
13. Bd3 g6 14. fxg6 hxg6 15. Bf4 {usw.}) 11... Qxd1+ 12. Kxd1 Be6 13. Kc2 f6
14. Rb1 fxe5 $6 (14... Nd7 {ist ein wesentlich genauerer Zug. Nach} 15. exf6
exf6 {kommt Weiß nicht mehr zu b2-b4, und sonst kann Schwarz mit dem Springer
auf e5 nehmen.}) 15. b4 $14 Nc4 16. Bxc4 Bxc4 17. bxa5 O-O-O 18. Rd1 Rxd1 19.
Nxd1 e6 20. Ne3 Ba6 21. Ng4 Bd6 22. Bb2 Rd8 23. Rd1 h5 24. Nxe5 Bxe5 25. Bxe5
Rxd1 26. Kxd1 g6 27. Kd2 Bf1 28. g4 Bg2 29. Ke3 c5 30. Bd6 c4 31. Bb4 Kd7 32.
gxh5 gxh5 33. f4 Ke8 34. Kd4 Kf7 35. Ke5 Bf3 36. h4 Bd1 37. Kd6 Bxa4 38. Kc7
Bc2 39. Kxb7 Bxe4+ 40. Kb6 Kg6 41. Kc5 Kf5 1/2-1/2